| 000 | 00740nam a2200217Ia 4500 | ||
|---|---|---|---|
| 003 | OSt | ||
| 005 | 20250211112551.0 | ||
| 008 | 210210b1999 xxu||||| |||| 00| 0 eng d | ||
| 040 | _cAL | ||
| 041 | _aKannada | ||
| 082 | _aK894.8 PURM | ||
| 100 |
_aPURNACHANDRA TEJASVI (K P). _9116285 _dಪೂರ್ಣಚಂದ್ರ ತೇಜಸ್ವಿ (ಕೆ ಪಿ) |
||
| 245 |
_a millennium 5: Nerehoreya geleyaru. _bಮಿಲೇನಿಯಂ ೫ : ನೆರೆಹೊರೆಯ ಗೆಳೆಯರು |
||
| 260 |
_aMaisuru _bPustaka Prakashana _c1999 |
||
| 300 | _aiv,95 | ||
| 650 |
_aMilaniyam 5 advencher _9116286 |
||
| 650 |
_aPoornachandra Tejasvi _9116287 |
||
| 690 |
_aKannada Miscellaneous _9116288 |
||
| 906 | _a054871 | ||
| 942 |
_2ddc _cBK |
||
| 999 |
_c102573 _d102573 |
||